000 00612nam a22002177a 4500
003 UA-OsUOA
001 59915
007 ta
008 20090429b un ||||| |||| 00| 0 ukr d
100 _aРоманов С.
090 _a82
_bР69
942 _cSA
040 _aUA-OsUOA
_bukr
_cUA-OsUOA
_dUA-OsUOA
245 _aІсторія найвідомішої зради (До 100-річчя однієї драми Лесі Українки)
300 _aС.7
955 _a0
041 _aukr
080 _a82
773 0 _w59914
650 7 _a82 Література. Літературознавство
_2UDC
999 _c346547
_d346547